The Waite Group's C++ how-to / (Record no. 505)

MARC details
000 -LEADER
fixed length control field 00838nac a22002531u 4500
008 - FIXED-LENGTH DATA ELEMENTS--GENERAL INFORMATION
fixed length control field 100906s1999 i |||||r|||| 001 0 eng d
010 ## - LIBRARY OF CONGRESS CONTROL NUMBER
LC control number 98086976
020 ## - INTERNATIONAL STANDARD BOOK NUMBER
International Standard Book Number 1571691596
020 ## - INTERNATIONAL STANDARD BOOK NUMBER
International Standard Book Number 817635242x
035 ## - SYSTEM CONTROL NUMBER
System control number (OCoLC)40739503
082 00 - DEWEY DECIMAL CLASSIFICATION NUMBER
Classification number 005.133
Item number WAI
Edition number 22
245 04 - TITLE STATEMENT
Title The Waite Group's C++ how-to /
Statement of responsibility, etc Jan Walter ... [et al.].
246 3# - VARYING FORM OF TITLE
Title proper/short title Waite Group's C plus plus how-to
246 3# - VARYING FORM OF TITLE
Title proper/short title C++ how-to
246 3# - VARYING FORM OF TITLE
Title proper/short title C plus plus how-to
260 ## - PUBLICATION, DISTRIBUTION, ETC. (IMPRINT)
Place of publication, distribution, etc New Delhi :
Name of publisher, distributor, etc Techmedia,
Date of publication, distribution, etc c1999.
300 ## - PHYSICAL DESCRIPTION
Extent xiv, 582 p. :
Other physical details ill. ;
Dimensions 24 cm. +
Accompanying material 1 computer laser opticcal disc (4 3/4 in.)
500 ## - GENERAL NOTE
General note Includes index.
650 #0 - SUBJECT ADDED ENTRY--TOPICAL TERM
Topical term or geographic name as entry element C++ (Computer program language)
9 (RLIN) 18435
650 #0 - SUBJECT ADDED ENTRY--TOPICAL TERM
Topical term or geographic name as entry element Object-oriented programming (Computer science)
9 (RLIN) 18436
700 1# - ADDED ENTRY--PERSONAL NAME
Personal name Walter, Jan.
9 (RLIN) 18437
710 2# - ADDED ENTRY--CORPORATE NAME
Corporate name or jurisdiction name as entry element Waite Group.
9 (RLIN) 18438
942 ## - ADDED ENTRY ELEMENTS (KOHA)
Item type Book - Borrowing
Call number prefix 005.133 WAI
Source of classification or shelving scheme Dewey Decimal Classification
Holdings
Withdrawn status Item status Source of classification or shelving scheme Damaged status Not for loan Vendor Home library Current library Shelving location Date acquired Source of acquisition Total Checkouts Total Renewals Full call number Barcode Date last seen Date last borrowed Koha item type
    Dewey Decimal Classification       Central Library Central Library Lower Floor 06/06/2016   4 3 005.133 WAI 000004115 28/09/2025 17/03/2025 Book - Borrowing
    Dewey Decimal Classification       Central Library Central Library Lower Floor 12/07/2011   1   005.133 WAI 000024352 24/08/2022 17/03/2014 CD | DVD - With book